| 000 | 00345nam a22001217a 4500 | ||
|---|---|---|---|
| 082 |
_a510 _bARO/S |
||
| 100 | _aOP ARORA, VK BHANDARI | ||
| 245 |
_aSUPER SIMPLIFIED MATHEMATICS CCE TERM I _bCLASS X |
||
| 260 |
_aJALANDHAR _bS.DINESH & CO _c2012 |
||
| 300 | _a584 | ||
| 650 |
_aMATHS SUMMATIVE AND FORMATIVE ASSESSMENTS FOR CLASS X _zINDIA |
||
| 942 | _cBK | ||
| 999 |
_c769 _d769 |
||